000 00361nam a22001577a 4500
003 SGT
082 _a615
_bP75G
100 _aGOODMAN, LOUIS S.
245 _aTHE PHARMALOGICAL BASIS OF THERAPEUTICS
250 _a5TH
260 _aNEW YORK
_bMACMILLAN PUB
_c1975
300 _a1704
650 _aPHARMACOLOGY
653 _aGOODMAN GILLMAN
942 _2ddc
_cRARE
999 _c22349
_d22349